000 00705nam a2200241Ia 4500
003 OSt
005 20220925210923.0
006 a|||||r|||| 00| 0
007 ta
008 220923b |||||||| |||| 00| 0 eng d
037 _cGeneral Book
040 _aRTL
_cRTL
_beng
041 _2eng
_aeng
082 _aU673.1911.N9, N1
100 _aDoi R D
_9273509
245 0 _aSemi Arid land systems
_b Use and capability
260 _aJaipur
_bPointer India
_c1991
300 _axi,176p
_ccm.
500 _aBibliography chapterwise:P117-26; Appendix:P127-72
650 _aAgricultural Geography
942 _hU673.1911.N9, N1
_cGB
_2CC
999 _c556271
_d556271